[Event "ICS rated blitz match"]
[Site "204.178.125.65"]
[Date "1999.09.13"]
[Round "?"]
[White "Hossa"]
[Black "PostModernist"]
[Result "1-0"]
[WhiteElo "2398"]
[BlackElo "2522"]
[PlyCount "183"]
[EventDate "1999.??.??"]

1. e4 c5 2. Nf3 Nc6 3. d4 cxd4 4. Nxd4 e5 5. Nb5 d6 6. Bc4 a6 7. N5c3 Nf6 8.
O-O b5 9. Bd5 Bb7 10. Bg5 Be7 11. Bxf6 Bxf6 12. a3 Rc8 13. Na2 Qb6 14. Nbc3 O-O
15. Nb4 Nxb4 16. axb4 Bc6 17. Qg4 Rfe8 18. Rfd1 Be7 19. Qh5 Rf8 20. Bxc6 Rxc6
21. Nd5 Qd8 22. Qe2 Qd7 23. Qd3 Qe6 24. c3 Rfc8 25. Qf3 Bg5 26. Qh5 Bd8 27. b3
f6 28. Rd3 Qf7 29. Qxf7+ Kxf7 30. h4 Ke6 31. g4 g6 32. Kg2 h5 33. gxh5 gxh5 34.
Rf3 Be7 35. Rg3 Rf8 36. Rg6 Rh8 37. Kh2 Kf7 38. Rag1 Rh7 39. Kh3 Rc8 40. f3 Ra8
41. R6g2 Bd8 42. Rg8 Rc8 43. R1g2 Rb8 44. Kh2 Rc8 45. Rg1 Rb8 46. Kh1 Rc8 47.
R1g2 Rb8 48. R8g6 Ke6 49. Kh2 Rc8 50. Kh3 Rc6 51. Rg7 Rxg7 52. Rxg7 Rc8 53. Rh7
Ra8 54. Rxh5 a5 55. bxa5 Rxa5 56. Rh8 Kd7 57. Rh7+ Kc8 58. Rf7 Ra1 59. Nxf6
Bxf6 60. Rxf6 Kd7 61. h5 Rc1 62. Kh4 Ke7 63. Rf5 Rxc3 64. h6 Rc1 65. Kh5 b4 66.
Kg6 Rg1+ 67. Rg5 Rxg5+ 68. Kxg5 Kf7 69. Kf5 Kf8 70. f4 exf4 71. Kxf4 Kg8 72.
Kf5 Kf7 73. h7 Kg7 74. h8=Q+ Kxh8 75. Ke6 Kg7 76. Kxd6 Kf7 77. Kc5 Ke6 78. Kxb4
Ke5 79. Kc5 Kxe4 80. b4 Ke5 81. b5 Ke6 82. Kc6 Kf6 83. b6 Ke5 84. b7 Ke4 85.
b8=Q Kd4 86. Qe8 Kd3 87. Kd5 Kc3 88. Qe2 Kb3 89. Qd2 Ka4 90. Qb2 Ka5 91. Kc5
Ka6 92. Qb6# {PostModernist checkmated} 1-0

[Event "ICS rated blitz match"]
[Site "204.178.125.65"]
[Date "1999.09.26"]
[Round "?"]
[White "Hossa"]
[Black "PostModernist"]
[Result "0-1"]
[WhiteElo "2517"]
[BlackElo "2628"]
[PlyCount "115"]
[EventDate "1999.??.??"]

1. e4 c5 2. Nf3 Nc6 3. d4 cxd4 4. Nxd4 e6 5. Be3 Nf6 6. Bd3 d5 7. exd5 Nxd4 8.
Bxd4 Qxd5 9. Bxf6 gxf6 10. O-O Qe5 11. Nc3 Bd6 12. g3 Be7 13. Re1 Qc5 14. Bb5+
Kf8 15. Bd3 f5 16. Qh5 Kg7 17. Rad1 Rd8 18. a3 b6 19. Qf3 Rb8 20. Qf4 Bb7 21.
Re3 Qc6 22. f3 Bc5 23. Qg5+ Kf8 24. Qh6+ Ke8 25. Rf1 Bxe3+ 26. Qxe3 Qc5 27.
Qxc5 bxc5 28. f4 Bc6 29. Rb1 a5 30. b3 a4 31. bxa4 Rxb1+ 32. Nxb1 c4 33. Be2
Bxa4 34. Nc3 Rd2 35. Bxc4 Rxc2 36. Nb5 Ke7 37. Bf1 Ra2 38. Nd4 Kd6 39. Nf3 f6
40. Bc4 Rxa3 41. Kf2 Bc6 42. Nd2 Bd5 43. Nb1 Ra1 44. Bxd5 Kxd5 45. Nd2 e5 46.
Nf3 exf4 47. Nd2 Ra2 48. Ke1 fxg3 49. hxg3 Kd4 50. Nb3+ Ke3 51. Kd1 Rg2 52. Nc5
Rxg3 53. Nd7 f4 54. Nb6 Rg1+ 55. Kc2 f3 56. Nc4+ Ke2 57. Nb6 f2 58. Nd5 {
Hossa resigns} 0-1

[Event "ICS rated blitz match"]
[Site "204.178.125.65"]
[Date "1999.10.12"]
[Round "?"]
[White "Hossa"]
[Black "PostModernist"]
[Result "0-1"]
[WhiteElo "2427"]
[BlackElo "2681"]
[PlyCount "97"]
[EventDate "1999.??.??"]

1. e4 c5 2. Nf3 d6 3. d4 Nf6 4. Nc3 cxd4 5. Nxd4 Nc6 6. Bb5 Bd7 7. Bg5 e6 8.
Nde2 h6 9. Bh4 Qb6 10. f3 a6 11. Bf2 Qa5 12. Ba4 Qg5 13. O-O Be7 14. Bb6 O-O
15. Rb1 Rfc8 16. Bb3 Na5 17. f4 Qh5 18. e5 dxe5 19. Bxa5 Bc5+ 20. Kh1 Ng4 21.
h3 Bc6 22. Qd3 Ne3 23. Ne4 Qg6 24. N2g3 Bxe4 25. Qxe4 Qxg3 26. fxe5 Nxf1 27.
Rxf1 b6 28. Be1 Qg5 29. Bh4 Qe3 30. Qg4 Qd4 31. Qh5 Ra7 32. c3 Qd2 33. Rb1 Qf4
34. Re1 Rd7 35. g3 Qf2 36. Qe2 Rd2 37. Qxf2 Bxf2 38. Re4 Rxb2 39. Rb4 Rxc3 40.
Rc4 Rxc4 41. Bxc4 b5 42. Bf1 g5 43. Bxg5 hxg5 44. Kg2 Be1+ 45. Kh1 Bxg3 46. h4
gxh4 47. a3 Bxe5 48. Bd3 h3 49. a4 {Hossa resigns} 0-1

[Event "ICS rated blitz match"]
[Site "204.178.125.65"]
[Date "1999.09.03"]
[Round "?"]
[White "Hossa"]
[Black "PostModernist"]
[Result "0-1"]
[WhiteElo "2543"]
[BlackElo "2504"]
[PlyCount "121"]
[EventDate "1999.??.??"]

1. d4 Nf6 2. e3 g6 3. Bd3 Bg7 4. Ne2 c5 5. dxc5 Qa5+ 6. Nbc3 O-O 7. e4 Qxc5 8.
Be3 Qb4 9. a3 Qa5 10. O-O Nc6 11. Qd2 d5 12. exd5 Nxd5 13. b4 Qd8 14. Bh6 Nxc3
15. Nxc3 Qd4 16. Nb5 Bxh6 17. Qxh6 Qg7 18. Qxg7+ Kxg7 19. Be4 Bd7 20. Rad1 Ne5
21. Nd4 Rab8 22. g3 Rfd8 23. Rfe1 Kf6 24. f4 Nc4 25. Rd3 Bg4 26. Nb3 b6 27.
Rxd8 Rxd8 28. a4 Bd1 29. a5 Na3 30. Na1 Bg4 31. Bd3 Rd4 32. Re4 Rxe4 33. Bxe4
Bf5 34. Bxf5 Kxf5 35. Kf2 Ke4 36. h4 b5 37. Ke2 Kd4 38. Kd2 Nc4+ 39. Kc1 Kc3
40. Nb3 Ne3 41. Nc5 Kxb4 42. Nb3 Nf5 43. g4 Nxh4 44. Nd4 Kc5 45. c3 b4 46. Kd2
Kc4 47. Kc2 Ng2 48. Nc6 Ne3+ 49. Kd2 b3 50. Ne5+ Kd5 51. Kc1 f6 52. Nf3 Kc4 53.
Nd4 a6 54. Nc6 Kxc3 55. Nd4 Kxd4 56. Kb2 h5 57. f5 hxg4 58. fxg6 Nf5 59. Kc1 g3
60. g7 Nxg7 61. Kb2 {Hossa resigns} 0-1

[Event "ICS rated blitz match"]
[Site "204.178.125.65"]
[Date "1999.10.02"]
[Round "?"]
[White "Hossa"]
[Black "PostModernist"]
[Result "1/2-1/2"]
[WhiteElo "2433"]
[BlackElo "2540"]
[PlyCount "129"]
[EventDate "1999.??.??"]

1. e4 c5 2. Nf3 Nc6 3. d4 cxd4 4. Nxd4 Nf6 5. Nc3 d6 6. Bg5 e6 7. Qd2 a6 8. Be2
Be7 9. O-O Qc7 10. Rfd1 Nxd4 11. Qxd4 Bd7 12. Qd3 Bc6 13. Bf3 Rd8 14. Ne2 d5
15. exd5 Bxd5 16. Nf4 Bxf3 17. Qxf3 Rxd1+ 18. Qxd1 h6 19. Bxf6 Bxf6 20. Nd3 Ke7
21. Qd2 Rd8 22. Qb4+ Ke8 23. Qb3 b5 24. Nb4 Qd6 25. Nd3 Qc6 26. Rd1 g6 27. Rb1
Rc8 28. c3 Rd8 29. Nb4 Qe4 30. Rc1 Rd6 31. Rf1 Qe2 32. a4 Be5 33. g3 Rd2 34.
axb5 axb5 35. Qa3 Rxb2 36. Qa8+ Ke7 37. Nc6+ Kd6 38. Nb4 Bf6 39. Qf8+ Be7 40.
Qxf7 Rd2 41. Qxg6 h5 42. Qe8 Bf6 43. Qf8+ Be7 44. Qc8 Bf6 45. Na6 Qc4 46. Qf8+
Be7 47. Qb8+ Kd7 48. Rb1 Rd5 49. Qb7+ Kd8 50. Qb6+ Kd7 51. Re1 Rd6 52. Qb7+ Kd8
53. Ra1 Qxc3 54. Qb8+ Qc8 55. Qxb5 Bf6 56. Qa5+ Ke7 57. Ra2 Qb7 58. Qa3 h4 59.
gxh4 Qb1+ 60. Kg2 Qg6+ 61. Kf1 Qb1+ 62. Kg2 Qg6+ 63. Kf1 Qb1+ 64. Kg2 Qg6+ 65.
Kf1 {Game drawn by repetition} 1/2-1/2

[Event "ICS rated blitz match"]
[Site "204.178.125.65"]
[Date "1999.09.10"]
[Round "?"]
[White "Hossa"]
[Black "PostModernist"]
[Result "0-1"]
[WhiteElo "2491"]
[BlackElo "2624"]
[PlyCount "176"]
[EventDate "1999.??.??"]

1. e4 g6 2. d4 h6 3. Bb5 c6 4. Bd3 g5 5. Ne2 Bg7 6. O-O d6 7. Nbc3 Nf6 8. Bd2
Be6 9. f4 gxf4 10. Nxf4 Bg4 11. Be2 Rg8 12. Be3 Bxe2 13. Qxe2 Nbd7 14. Nh5 Nxh5
15. Qxh5 Nf6 16. Qf3 Qa5 17. Qh3 Qh5 18. Qxh5 Nxh5 19. Kh1 Rc8 20. Rf5 Nf6 21.
Raf1 b5 22. b4 Ng4 23. Bg1 Nf6 24. a4 a6 25. a5 Nd7 26. Nb1 f6 27. c3 e6 28.
R5f4 c5 29. d5 e5 30. Rf5 cxb4 31. cxb4 Rc4 32. Nd2 Rxb4 33. Rc1 Ke7 34. Be3
Ra4 35. Bb6 Ra2 36. Nf1 b4 37. Kg1 b3 38. Rb1 Rb8 39. Rxb3 Rxa5 40. Rg3 Rxb6
41. Rxg7+ Ke8 42. Rg6 Rb1 43. Rxh6 Ra2 44. Rh8+ Ke7 45. Rh4 Rbb2 46. Rh7+ Kd8
47. Rg7 Ra1 48. Rg4 Rc1 49. h3 Kc8 50. Kh2 Rcc2 51. Ne3 Rc5 52. Rg8+ Kb7 53.
Rg7 Kc8 54. Ng4 Rc7 55. Rg8+ Kb7 56. Nxf6 Nxf6 57. Rxf6 Rd7 58. Kg3 Rb4 59. Kf3
a5 60. Rff8 Ka6 61. g3 a4 62. Rb8 Rdb7 63. Rxb7 Kxb7 64. Rd8 Rc4 65. Rf8 a3 66.
Kg4 Rxe4+ 67. Kg5 Rf4 68. gxf4 a2 69. Rf7+ Kb6 70. fxe5 a1=Q 71. exd6 Qe5+ 72.
Kg6 Qg3+ 73. Kf5 Qxh3+ 74. Ke4 Qg4+ 75. Ke5 Qg3+ 76. Ke6 Kc5 77. Rc7+ Kd4 78.
Rc6 Qe5+ 79. Kd7 Kxd5 80. Ra6 Qc3 81. Ra5+ Qxa5 82. Ke7 Qe1+ 83. Kf6 Qe5+ 84.
Kg6 Ke6 85. d7 Qf6+ 86. Kh5 Kf5 87. d8=Q Qg6+ 88. Kh4 88... Qg4# {
Hossa checkmated} 0-1

[Event "ICS rated blitz match"]
[Site "204.178.125.65"]
[Date "1999.10.18"]
[Round "?"]
[White "Hossa"]
[Black "PostModernist"]
[Result "0-1"]
[WhiteElo "2493"]
[BlackElo "2604"]
[PlyCount "65"]
[EventDate "1999.??.??"]

1. c4 e5 2. g3 d6 3. Nc3 Nc6 4. Nf3 g6 5. d4 exd4 6. Nxd4 Bg7 7. Nxc6 bxc6 8.
Bg2 Ne7 9. Bg5 O-O 10. Bxc6 Rb8 11. Nd5 f6 12. Nxe7+ Qxe7 13. Be3 Rxb2 14. Bd4
Rb4 15. Bxa7 Be6 16. Rc1 Rxc4 17. Rxc4 Bxc4 18. a4 Qe6 19. e3 Qe5 20. Qd2 Qa1+
21. Qd1 Qa2 22. f4 f5 23. Bd4 Bxd4 24. exd4 Rf7 25. Bd5 Bxd5 26. Qe2 Qa1+ 27.
Kf2 Qxh1 28. Qe8+ Rf8 29. Qb5 Qf3+ 30. Ke1 Qc3+ 31. Kf2 Qxd4+ 32. Ke1 Bc4 33.
Qc6 {Hossa resigns} 0-1

[Event "ICS rated blitz match"]
[Site "204.178.125.65"]
[Date "1999.10.08"]
[Round "?"]
[White "Hossa"]
[Black "PostModernist"]
[Result "1/2-1/2"]
[WhiteElo "2409"]
[BlackElo "2578"]
[PlyCount "247"]
[EventDate "1999.??.??"]

1. e4 c6 2. d4 d5 3. exd5 cxd5 4. c4 Nf6 5. Nc3 g6 6. Bg5 Ne4 7. Bf4 Nxc3 8.
bxc3 Nc6 9. Nf3 Bg7 10. cxd5 Qxd5 11. Be2 O-O 12. O-O Bf5 13. Qb3 Qd7 14. Bb5
Be4 15. Nd2 Bd5 16. Bc4 Na5 17. Qb4 Nxc4 18. Nxc4 b5 19. Ne3 a5 20. Qc5 Be4 21.
Rfe1 Rfc8 22. Qa3 e6 23. Ng4 Qb7 24. Nh6+ Bxh6 25. Bxh6 Bxg2 26. Re3 Bh1 27.
Rg3 b4 28. cxb4 axb4 29. Qb2 Rc3 30. d5 Qxd5 31. Rg5 e5 32. f4 Qb7 33. Rxe5 f6
34. Re2 Rh3 35. Qxf6 Rxh6 36. Rd1 Rf8 37. Rd8 Qf7 38. Rxf8+ Qxf8 39. Qe6+ Qf7
40. Qc8+ Kg7 41. Qd8 Bd5 42. Re7 Bxa2 43. Rxf7+ Bxf7 44. Qd4+ Kg8 45. Qxb4 Rh5
46. Qb8+ Kg7 47. Qb2+ Kg8 48. Kg2 h6 49. Kg3 Rd5 50. Qf6 Rd3+ 51. Kh4 Rd2 52.
Kh3 Rd3+ 53. Kg4 Re3 54. Kh4 Re4 55. Kg3 Re3+ 56. Kf2 Re4 57. h4 h5 58. Kf3 Re6
59. Qd8+ Kg7 60. Qg5 Be8 61. Kg3 Bc6 62. Kf2 Kf7 63. Qa5 Kf6 64. Qc5 Kf7 65.
Qg5 Be4 66. Ke2 Bf5+ 67. Kd2 Rd6+ 68. Ke1 Rd4 69. Ke2 Ke6 70. Kf3 Rd1 71. Qg2
Bg4+ 72. Ke3 Re1+ 73. Kd4 Rd1+ 74. Kc5 Kf5 75. Qg3 Ke4 76. Kc4 Rc1+ 77. Kb4
Rb1+ 78. Kc3 Rc1+ 79. Kb2 Rc8 80. Kb3 Rb8+ 81. Kc3 Rc8+ 82. Kb2 Rb8+ 83. Ka3
Ra8+ 84. Kb4 Rf8 85. Qe1+ Kf3 86. Qc3+ Kxf4 87. Qd3 Rb8+ 88. Kc3 Rc8+ 89. Kd2
Bf5 90. Qe3+ Kg4 91. Qg5+ Kf3 92. Qe7 Rc2+ 93. Kd1 Be4 94. Qe5 Ke3 95. Qg5+ Kd3
96. Ke1 Kc4 97. Qf4 Kd3 98. Qf1+ Kd4 99. Qg1+ Kd5 100. Qe3 Bf5 101. Qg5 Kd4
102. Kf1 Bd3+ 103. Kg1 Be4 104. Qd8+ Kc5 105. Qa5+ Kd6 106. Qa3+ Kd5 107. Kf1
Bg2+ 108. Ke1 Be4 109. Qe7 Bd3 110. Qd8+ Ke4 111. Qg5 Re2+ 112. Kd1 Kf3 113.
Kc1 Bf5 114. Qg1 Rf2 115. Qh1+ Kf4 116. Qg1 Rc2+ 117. Kd1 Ke5 118. Qg5 Kd4 119.
Qg3 Bd3 120. Qg5 Re2 121. Qg3 Rc2 122. Qg5 Be4 123. Ke1 Bd3 124. Kd1 {
Game drawn by repetition} 1/2-1/2

[Event "ICS rated blitz match"]
[Site "204.178.125.65"]
[Date "1999.10.14"]
[Round "?"]
[White "Hossa"]
[Black "PostModernist"]
[Result "1-0"]
[WhiteElo "2353"]
[BlackElo "2596"]
[PlyCount "113"]
[EventDate "1999.??.??"]

1. Nf3 Nf6 2. c4 c5 3. Nc3 e6 4. d4 cxd4 5. Nxd4 Bb4 6. Nc2 Bxc3+ 7. bxc3 Qa5
8. Bb2 O-O 9. e3 Rd8 10. Nd4 d5 11. cxd5 Nxd5 12. Bd3 e5 13. Nb3 Qb6 14. Qc2
Qh6 15. O-O Nxe3 16. fxe3 Qxe3+ 17. Kh1 Qxd3 18. Rfd1 Qd7 19. Rxd7 Bxd7 20. Na5
Bc6 21. Rd1 Nd7 22. Nxc6 bxc6 23. Rd6 Nc5 24. Rxc6 Nd3 25. Ba3 e4 26. Kg1 Rab8
27. Rc7 a6 28. Re7 f5 29. Qd1 g6 30. Qf1 Rdc8 31. Bd6 Rb6 32. Rc7 Rxc7 33. Bxc7
Rb7 34. Bd6 Rb2 35. Qd1 Kg7 36. a4 h5 37. h4 Kf6 38. Kh2 Ke6 39. Ba3 Rb7 40.
Qd2 Rc7 41. Qa2+ Ke5 42. Qb3 Rc6 43. Bf8 Rc8 44. Qf7 Rxf8 45. Qxf8 Ke6 46. Qc8+
Kf7 47. Qb7+ Kf6 48. Qxa6+ Kf7 49. a5 Kg7 50. Qb7+ Kf6 51. a6 e3 52. Qb6+ Kf7
53. a7 Ne5 54. a8=Q Kg7 55. Qd4 Kf6 56. Qf8+ Ke6 57. Qdd6# {
PostModernist checkmated} 1-0

[Event "ICS rated blitz match"]
[Site "204.178.125.65"]
[Date "1999.10.10"]
[Round "?"]
[White "Hossa"]
[Black "PostModernist"]
[Result "0-1"]
[WhiteElo "2505"]
[BlackElo "2681"]
[PlyCount "112"]
[EventDate "1999.??.??"]

1. e4 c5 2. Nf3 e6 3. d4 cxd4 4. Nxd4 Nf6 5. Nc3 d6 6. g4 Nfd7 7. Bg2 a6 8. O-O
Nc6 9. Be3 Be7 10. Qe2 Nxd4 11. Bxd4 O-O 12. Rad1 b5 13. f4 Bb7 14. a3 Rc8 15.
Kh1 Qe8 16. Rd2 e5 17. Be3 exf4 18. Bxf4 Nb6 19. Rd3 Nc4 20. Bc1 Ne5 21. Rd4
Qd7 22. Nd5 Bd8 23. Rf5 Re8 24. Rd1 Bxd5 25. Rxd5 g6 26. Rf1 Qxg4 27. Qxg4 Nxg4
28. c3 Bc7 29. Rf4 Ne5 30. Rf1 Kg7 31. Bg5 h5 32. Bf6+ Kg8 33. Bh3 Rb8 34. Rf4
Rb7 35. b3 Rb6 36. Bf1 Rc6 37. a4 bxa4 38. bxa4 Rxc3 39. Bxa6 Rc1+ 40. Kg2 Ng4
41. Bd4 Ra8 42. Bd3 Rxa4 43. h3 Ra2+ 44. Kg3 Ne5 45. Bxe5 Rg1+ 46. Kh4 dxe5 47.
Rf1 Rag2 48. Rxg1 Rxg1 49. Be2 Bb6 50. Bg4 Kg7 51. Rd6 Bf2+ 52. Kg5 f6+ 53.
Rxf6 Be3+ 54. Rf4 Bxf4+ 55. Kh4 hxg4 56. hxg4 56... Rh1# {Hossa checkmated} 0-1

[Event "ICS rated blitz match"]
[Site "204.178.125.65"]
[Date "1999.09.06"]
[Round "?"]
[White "Hossa"]
[Black "PostModernist"]
[Result "0-1"]
[WhiteElo "2499"]
[BlackElo "2507"]
[PlyCount "132"]
[EventDate "1999.??.??"]

1. e4 c5 2. Nc3 Nc6 3. f4 g6 4. Bb5 Nd4 5. Nge2 Nxb5 6. Nxb5 Bg7 7. h4 Nf6 8.
e5 Ng4 9. h5 d6 10. exd6 exd6 11. hxg6 hxg6 12. Rxh8+ Bxh8 13. d3 Qe7 14. Rb1
Bf6 15. Kf1 b6 16. b4 Rb8 17. Nec3 Nh2+ 18. Kg1 Bxc3 19. Nxc3 Ng4 20. Qe2 Be6
21. Qe1 d5 22. Qg3 f5 23. Ba3 d4 24. Na4 Qd7 25. Nb2 Bxa2 26. Re1+ Kd8 27. Qh4+
Kc8 28. bxc5 bxc5 29. Re7 Qd8 30. Qh7 Nf6 31. Qg7 Nd7 32. Kh2 Qc7 33. Kh1 Qc6
34. c4 Rb3 35. Qh8+ Kc7 36. Qe5+ Qd6 37. Bxc5 Qxe5 38. fxe5 Kd8 39. Rxd7+ Kxd7
40. Bxd4 Ke7 41. Kg1 Bb1 42. Kf2 Bxd3 43. Nxd3 Rxd3 44. Bxa7 Rc3 45. c5 Ke6 46.
Bb8 Rxc5 47. Bd6 Rc2+ 48. Kg3 g5 49. Kh3 f4 50. Bb8 Kf5 51. g4+ Ke6 52. Bd6
Rc3+ 53. Kg2 Rg3+ 54. Kf2 Rxg4 55. Kf3 Rg3+ 56. Ke2 Rb3 57. Bc7 g4 58. Bd6 f3+
59. Kf2 Rb2+ 60. Kg3 Rg2+ 61. Kh4 f2 62. Kg5 f1=Q 63. Ba3 Kxe5 64. Bb4 Qf6+ 65.
Kh5 Rh2+ 66. Kxg4 66... Qf4# {Hossa checkmated} 0-1

[Event "ICS rated blitz match"]
[Site "204.178.125.65"]
[Date "1999.10.09"]
[Round "?"]
[White "Hossa"]
[Black "PostModernist"]
[Result "0-1"]
[WhiteElo "2450"]
[BlackElo "2600"]
[PlyCount "81"]
[EventDate "1999.??.??"]

1. c4 e6 2. d4 Nf6 3. Nc3 Bb4 4. a3 Bxc3+ 5. bxc3 c5 6. Nf3 O-O 7. e3 Nc6 8.
Be2 d6 9. O-O e5 10. Rb1 Qe7 11. Rb2 Re8 12. Ng5 e4 13. f3 Bf5 14. Qb3 b6 15.
Qb5 Bd7 16. Qa6 exf3 17. Bxf3 Rac8 18. Bd2 h6 19. Bxc6 Bxc6 20. d5 Bb7 21. Qxa7
hxg5 22. Rxb6 Rc7 23. Qa4 Ne4 24. Be1 Bc8 25. Rb8 Ra7 26. Qb3 Qc7 27. Rf3 g6
28. Rf1 Qa5 29. Qc2 f5 30. Rf3 Qxa3 31. Qd3 Qa2 32. Rh3 Ra4 33. Qd1 Qxc4 34.
Rh6 Kg7 35. Rxc8 Rxc8 36. Rh3 Rca8 37. Qf3 g4 38. Qf1 Qxf1+ 39. Kxf1 gxh3 40.
gxh3 Ra1 41. Ke2 {Hossa resigns} 0-1

[Event "ICS rated blitz match"]
[Site "204.178.125.65"]
[Date "1999.09.17"]
[Round "?"]
[White "Hossa"]
[Black "PostModernist"]
[Result "1/2-1/2"]
[WhiteElo "2412"]
[BlackElo "2521"]
[Annotator "Fritz 5.32 (20s)"]
[PlyCount "159"]
[EventDate "1999.??.??"]

1. e4 1... g6 {Opening = B06 - 1.e4 g6} 2. d4 2... h6 $146 {
Verwehrt dem Gegner g5} (2... b6 3. Nc3 Bg7 4. h4 (4. f4 Bb7 5. Nf3 d6 6. Bd3
e6 7. O-O Ne7 8. Be3 O-O 9. Qe1 h6 10. f5 exf5 11. exf5 Nd7 12. Qh4 g5 13. Qh3
Nf6 14. g4 Ned5 15. Nxd5 Nxd5 16. Bd2 Nf4 17. Bxf4 gxf4 18. c3 18... c5 {
Prill,G-Schmidt,A/Badenweiler 1985/GER/1-0 (31)}) 4... h5 5. Bc4 Bb7 6. Nf3 e6
7. Bg5 f6 8. Be3 Ne7 9. Qd2 Nbc6 10. a3 d5 11. exd5 exd5 12. Ba2 Qd7 13. Ne2
Nf5 14. Nf4 Nce7 15. O-O-O O-O-O 16. Qd3 Bh6 17. Bd2 {
Minzer,C-Monaco,A/Buenos Aires 1992/EXT 98/1-0 (45)}) (2... d5 3. Nd2 (3. exd5
Qxd5 4. Nc3 Qa5 5. Nf3 Bg7 6. Bc4 Nf6 7. O-O O-O 8. Re1 e6 9. Bg5 Nbd7 10. Qd2
a6 11. a4 c5 12. Bb3 b6 13. d5 exd5 14. Nxd5 Qxd2 15. Nxd2 Nxd5 16. Bxd5 Ra7
17. Nc4 17... Bb7 {Hyldkrog,L-Schultz Pedersen,J/Espergarde 1978/MCD/ - (58)})
3... c5 4. dxc5 dxe4 5. Qe2 Nf6 6. Nxe4 Nxe4 7. Qxe4 Nc6 8. Nf3 Bg7 9. c3 O-O
10. Bc4 Qa5 11. O-O Qxc5 12. Qh4 Qf5 13. h3 Bf6 14. Ng5 h5 15. Be3 Ne5 16. Bb3
b5 17. Qe4 {Petronic,J-Kontic,D/Belgrade 1998/CBM 64/[Yudasin,L]/1-0 (47)}) 3.
Bf4 Bg7 4. c3 b6 5. Bd3 Bb7 6. Nd2 6... Nc6 $14 (6... Nf6 7. Ngf3 $11) 7. Ne2
e5 8. Be3 Nf6 9. d5 {Raumgewinn} 9... Ne7 10. O-O (10. Nc4 10... Nc8 $14) 10...
Ng4 11. c4 11... d6 {Staerkt c5} 12. Qa4+ c6 13. dxc6 {
Weiss spielt seinen Trumpf aus} 13... Nxc6 14. Nc3 Nxe3 15. fxe3 O-O 16. Rad1
16... Qd7 $14 (16... Ne7 17. Bc2 $11) 17. Nd5 Rac8 18. Nf6+ Bxf6 19. Rxf6 Qe7
20. Rdf1 Kg7 21. Qb5 Qxf6 22. Rxf6 Kxf6 23. Qd5 Rfd8 24. Bb1 Rc7 25. Qd3 Kg7
26. Qf1 f6 27. a3 {Kontrolliert b4} 27... h5 28. Ba2 Rdc8 29. Qd3 Re7 30. Nb1 (
30. Qxd6 $4 {den sollte Weiss lieber stehen lassen} 30... Rd8 31. Qd5 Rxd5 32.
exd5 32... Nb8 $19) 30... Rd7 31. Nc3 Nd8 32. b4 Nf7 33. Qf1 Ng5 34. Bb1 h4 35.
Bd3 35... Bc6 $11 (35... b5 36. Nxb5 Bxe4 37. Be2 $15) 36. h3 Ne6 37. Qf2 37...
g5 $14 (37... Rh8 38. Nd5 Rf7 39. Bc2 $15) 38. Nd5 $11 (38. Qf5 38... Nf8 $14)
38... Rf7 39. Qf5 Bd7 40. Qf3 Nc7 41. Nc3 Bc6 42. Kh1 Be8 43. Bf1 43... a6 {
Befestigt b5} 44. Kg1 b5 45. Qd1 Rd8 46. Qh5 Rf8 47. Qf3 bxc4 48. Bxc4 Nb5 49.
Nd5 {Der Springer ist wirkungsvoll plaziert} 49... Nxa3 50. Bxa6 50... Ba4 $16
(50... Rf7 $5 $15 $142 {und Schwarz spielt mit}) 51. Qf5 $11 (51. Qf1 Bc2 52.
Qc1 Bxe4 53. Nc3 $18) 51... Bc6 $14 (51... Bd7 52. Qf1 Rb8 53. Qc1 $14) 52. Ne7
{Mit der Mattdrohung Qg6} 52... Be8 53. Bd3 Kh6 54. Kh1 $14 (54. Qe6 Bd7 55.
Nf5+ 55... Kg6 $16) 54... Ra8 $16 (54... Kg7 55. Qe6 $14) 55. Nd5 {
Der Springer dominiert} 55... Bg6 56. Qe6 Rae8 57. Qxd6 Rd8 58. Qe6 Rde8 59.
Ne7 Kh7 60. Qd6 Rd8 61. Qa6 Ra8 62. Qc6 Rad8 63. Nd5 (63. Nxg6 $6 63... Kxg6
64. Be2 64... Rc8 $16) 63... Rc8 64. Qb6 $16 (64. Qa6 $5 64... Rc1+ 65. Kh2
65... Nc2 $18) 64... Nc4 65. Nxf6+ Kg7 66. Qe6 $14 (66. Qb7+ $5 $142 66... Kxf6
67. Bxc4 $18) 66... Nxe3 67. Kh2 67... Ra8 $16 (67... Rc1 $5 68. Ng4 Nf1+ 69.
Bxf1 Rfxf1 70. Qe7+ Kh8 71. Qxe5+ Kh7 72. Nf6+ Kh6 73. Ng8+ Kh7 74. Nf6+ Kh6
75. Ng4+ Kh7 76. Nf6+ $11) 68. Nd7 $14 (68. Nd5 Nxd5 69. Qxd5 Kh6 70. Qxe5
70... Rf2 $18) 68... Rf2 {Droht Matt} 69. Qxe5+ Kh6 70. Kh1 Rxg2 71. Nb8 Rf2
72. Qh8+ 72... Bh7 {Droht Matt: Raa2} 73. Ba6 73... Rxb8 $11 (73... Rf3 74. Kh2
74... Ra7 $19) 74. Qxb8 Bxe4+ 75. Kg1 Rg2+ 76. Kh1 Ra2+ 77. Kg1 Rg2+ ({
Schwaecher scheint} 77... Rxa6 78. Qh8+ Kg6 79. Qe8+ Kf6 80. Qxe4 $18) 78. Kh1
{Droht Bb7} 78... Ra2+ 79. Kg1 Rg2+ ({Weniger gut ist} 79... Rxa6 80. Qh8+ Kg6
81. Qe8+ Kf6 82. Qxe4 $18) 80. Kh1 {Weiss plant Bb7} 1/2-1/2

[Event "ICS rated blitz match"]
[Site "204.178.125.65"]
[Date "1999.10.16"]
[Round "?"]
[White "Hossa"]
[Black "PostModernist"]
[Result "0-1"]
[WhiteElo "2507"]
[BlackElo "2528"]
[PlyCount "103"]
[EventDate "1999.??.??"]

1. e4 c6 2. d4 d5 3. Nc3 dxe4 4. Nxe4 Nd7 5. Ng5 Nb6 6. N1f3 g6 7. Bf4 Bh6 8.
Be3 Qd5 9. b3 f6 10. c4 Qa5+ 11. Bd2 Qf5 12. Nh4 Qd7 13. Ngf3 g5 14. Bxg5 fxg5
15. Ne5 Qe6 16. Qh5+ Kf8 17. Nhf3 g4 18. Ng5 Bxg5 19. Qxg5 Nd7 20. Qf4+ Qf6 21.
Qe4 Nxe5 22. dxe5 Qg6 23. Qd4 Bf5 24. Be2 Nh6 25. O-O Qe6 26. f4 Kg7 27. Rad1
b6 28. b4 Nf7 29. a4 a5 30. bxa5 c5 31. Qb2 Rxa5 32. Qb3 Rha8 33. Rd2 Rxa4 34.
Rfd1 Ra3 35. Qb2 R8a5 36. Kf2 g3+ 37. hxg3 Kg8 38. Rh1 Qg6 39. Bf3 Be4 40. Rh4
Bxf3 41. gxf3 Qc6 42. Kg1 Qxf3 43. Rg2 Ra1+ 44. Kh2 Qf1 45. Kh3 R5a2 46. Qxb6
Qxg2+ 47. Kg4 Qe2+ 48. Kf5 Qd3+ 49. Kg4 h5+ 50. Rxh5 Qd7+ 51. Qe6 Qxe6+ 52. Kf3
{Hossa resigns} 0-1

[Event "ICS rated blitz match"]
[Site "204.178.125.65"]
[Date "1999.10.09"]
[Round "?"]
[White "Hossa"]
[Black "PostModernist"]
[Result "0-1"]
[WhiteElo "2470"]
[BlackElo "2595"]
[PlyCount "254"]
[EventDate "1999.??.??"]

1. e4 c5 2. Nf3 d6 3. Nc3 Nc6 4. Bb5 e5 5. O-O Nf6 6. d3 Bd7 7. Ng5 Be7 8. f4
O-O 9. fxe5 dxe5 10. Nf3 b6 11. Bg5 a6 12. Bc4 b5 13. Bb3 b4 14. Bxf6 Bxf6 15.
Nd5 Be7 16. a3 Bd6 17. axb4 cxb4 18. Qd2 Bc5+ 19. Kh1 a5 20. Ba4 Re8 21. Qg5 f6
22. Qh4 Rc8 23. Qh5 Be6 24. Bb3 Nd4 25. Nxd4 Bxd4 26. Ra2 Rc5 27. h3 Rc8 28.
Qf3 Rf8 29. Rfa1 Rc5 30. g4 Re8 31. Rf1 Qd6 32. Bc4 Bxd5 33. Bxd5+ Kh8 34. Bb3
Rec8 35. Qg2 Be3 36. h4 Rd8 37. Qf3 Bf4 38. Qf2 Qe7 39. Ra4 Rd4 40. Kg1 Qd8 41.
Rfa1 Qb6 42. R1a2 Rb5 43. Kf1 Qc7 44. Kg2 Rc5 45. Kh1 Rd8 46. Ra1 Rc8 47. Bc4
Rb8 48. Qg2 Be3 49. Qf3 Bd4 50. R1a2 Rc8 51. Qf1 Qd8 52. h5 Ra8 53. Qf5 Ra7 54.
Bb3 Rb5 55. Qf3 Rd7 56. Qh3 Rd6 57. Bf7 Rc5 58. Bc4 Rd7 59. h6 gxh6 60. Qxh6
Rg7 61. Qh4 Bxb2 62. Rxb4 axb4 63. Qxf6 Rc8 64. Qxd8+ Rxd8 65. Rxb2 Rxg4 66.
Rxb4 h5 67. Kh2 Rf8 68. Be6 Rg5 69. Kh3 Rf2 70. Rb8+ Kh7 71. c3 Rfg2 72. Bf5+
Kg7 73. Kh4 Kf7 74. Rb7+ Kf8 75. d4 exd4 76. cxd4 Rg1 77. Rh7 Rg7 78. Rh8+ Ke7
79. Rxh5 Rg8 80. Rh7+ Kd6 81. Rh6+ Kc7 82. Rh5 Rh1+ 83. Bh3 Kb6 84. Rh7 Kb5 85.
Rh6 Kc4 86. d5 Kd4 87. d6 Rg7 88. Rh8 Kxe4 89. Rh5 Kd4 90. Rh6 Kc5 91. Rh8 Kxd6
92. Rd8+ Ke5 93. Re8+ Kf6 94. Re6+ Kf7 95. Re3 Rhg1 96. Bf5 Kf6 97. Bc2 Rh1+
98. Rh3 Rc1 99. Bd3 Rc8 100. Rf3+ Ke5 101. Rf5+ Kd4 102. Bf1 Rcg8 103. Bb5 Rg4+
104. Kh3 Rg1 105. Kh2 R8g2+ 106. Kh3 Rg6 107. Kh2 R1g2+ 108. Kh3 R6g3+ 109. Kh4
Rg7 110. Kh3 Rg1 111. Kh2 R1g6 112. Rh5 Rg2+ 113. Kh3 R7g3+ 114. Kh4 Rg6 115.
Kh3 Rg1 116. Kh2 R1g4 117. Kh3 Ke3 118. Re5+ Kf4 119. Rh5 Rg2 120. Rh4+ Kf3
121. Bc6+ Rxc6 122. Rf4+ Kxf4 123. Kxg2 Rc2+ 124. Kf1 Ke3 125. Kg1 Kf3 126. Kh1
Kg3 127. Kg1 127... Rc1# {Hossa checkmated} 0-1